000 00460nam a2200193Ia 4500
003 GCL
008 140319s9999 xx 000 0 eng d
040 _aGCL /
_cGCL
082 0 4 _aCC
_b916.204
_bV V
100 1 _aBOWN, D'EDWARD
245 1 0 _aVOYAGE EN EGYPTE 1673-1674 /
_cBOWN, D'EDWARD
700 1 _aIFAO
260 _a[S.N] :
_bIFAO ،
_c1974
300 _a224 P
650 0 4 _aEGYPT
650 0 4 _aTRAVELS
650 0 4 _aCOLLECTIONS
942 _2ddc
_cBK
999 _c17537
_d17537